Les aspects de la végétation en Belgique. (Record no. 7630)

MARC details
000 -LEADER
fixed length control field 00949cam a22002411 4500
001 - CONTROL NUMBER
control field agr09000753
003 - CONTROL NUMBER IDENTIFIER
control field DLC
005 - DATE AND TIME OF LATEST TRANSACTION
control field 20260227110928.0
008 - FIXED-LENGTH DATA ELEMENTS--GENERAL INFORMATION
fixed length control field 760628m19089999xx 000 0 fre c
010 ## - LIBRARY OF CONGRESS CONTROL NUMBER
LC control number agr09000753
035 ## - SYSTEM CONTROL NUMBER
System control number (OCoLC)2285725
040 ## - CATALOGING SOURCE
Original cataloging agency Library, U. S. Dept. of Agriculture
Transcribing agency MNS
Modifying agency MNS
-- OCoLC
-- DLC
050 00 - LIBRARY OF CONGRESS CALL NUMBER
Classification number QK909
Item number .B8
110 2# - MAIN ENTRY--CORPORATE NAME
Corporate name or jurisdiction name as entry element Jardin botanique de l'Etat (Belgium)
245 04 - TITLE STATEMENT
Title Les aspects de la végétation en Belgique.
Statement of responsibility, etc. Par Charles Bommer & Jean Massart.
260 ## - PUBLICATION, DISTRIBUTION, ETC.
Place of publication, distribution, etc. Bruxelles,
Name of publisher, distributor, etc. Jardin Botanique de l'État,
Date of publication, distribution, etc. 1908-
300 ## - PHYSICAL DESCRIPTION
Extent v.
Other physical details plates.
Dimensions 54 cm.
500 ## - GENERAL NOTE
General note At head of title: Ministère de l'Intérieur et de l'Agriculture, Jardin Botanique de l'État.
505 0# - FORMATTED CONTENTS NOTE
Formatted contents note [v. 1] Les districts littoraux et alluviaux, par Jean Massart.--[v. 2] Les districts flandrien et campinien, par Jean Massart.
650 #0 - SUBJECT ADDED ENTRY--TOPICAL TERM
Topical term or geographic name entry element Botany
Geographic subdivision Belgium.
700 1# - ADDED ENTRY--PERSONAL NAME
Personal name Bommer, Charles.
700 1# - ADDED ENTRY--PERSONAL NAME
Personal name Massart, Jean,
Dates associated with a name 1865-1925.

No items available.

Powered by Koha